Fifa 17 Top 50 - Statistics

General Stats
  • This quiz has been taken 4,672 times
  • The average score is 27 of 50
Answer Stats
Hint Rating Answer % Correct
2 93 Messi
100%
1 94 Ronaldo
100%
3 92 Neymar
96%
4 92 Suarez
92%
5 92 Neuer
86%
6 90 Bale
78%
9 90 Lewandowski
78%
14 89 Ramos
78%
15 89 Modric
77%
7 90 Ibrahimovic
74%
30 88 Hazard
73%
24 88 Iniesta
72%
27 88 Kroos
71%
11 89 Aguero
69%
10 90 De Gea
69%
18 88 Pogba
67%
43 87 Benzema
66%
21 88 De Bruyne
63%
46 87 Robben
63%
8 90 Boateng
62%
13 89 Courtois
58%
49 86 Marcelo
56%
26 88 Buffon
55%
25 88 Reus
54%
39 87 Hummels
51%
12 89 Ozil
51%
17 88 Griezmann
50%
38 87 Muller
50%
36 87 Sanchez
49%
41 87 Busquets
47%
19 88 Higuain
47%
29 88 Chiellini
46%
22 88 Lahm
44%
34 87 Oblak
43%
16 89 Thiago Silva
43%
32 87 Alaba
41%
33 87 Bonucci
41%
35 87 Rakitic
39%
31 88 Lloris
38%
44 87 David Silva
37%
20 88 Pepe
37%
37 87 Di Maria
36%
48 86 Aubameyang
35%
28 88 Cech
33%
23 88 Godin
33%
45 87 Rodriguez
28%
42 87 Vidal
28%
40 87 Handanovic
19%
50 86 Matuidi
14%
47 86 Payet
11%
No matching quizzes found
Score Distribution
Percent of People with Each Score
Percentile by Number Answered
Your Score History
You have not taken this quiz